Aplikácia základných nástrojov manažérstva kvality pri analýze nezhodných produktov

Na minha lista:
Detalhes bibliográficos
Autor principal: Florek, Tomáš (Author)
Outros Autores: Kučerová, Marta (Thesis advisor)
Formato: Manuscrito Livro
Idioma:eslovaco
Publicado em: 2019
Assuntos:
Acesso em linha:http://is.stuba.sk/zp/portal_zp.pl?podrobnosti=134428
Tags: Adicionar Tag
Sem tags, seja o primeiro a adicionar uma tag!

MARC

LEADER 00000ntm a22000003a 4500
001 stuzp73354
003 SK-STU
005 20190629211057.0
007 ta
008 150427s2015----xo-----f-mn---000-0-slo-d
040 |a STU  |b slo 
041 0 |a slo 
100 1 |a Florek, Tomáš  |u 064000  |4 aut  |U MTF Materiálovotechnologická fakulta  |T MTF Ústav priemyselného inžinierstva a manažmentu  |X 85552  |U M4000  |Y 84  |7 85552 
242 0 1 |a The application of the basic quality management tools in the analysis of non-conforming products  |y eng 
245 1 0 |a Aplikácia základných nástrojov manažérstva kvality pri analýze nezhodných produktov 
260 |c 2019 
650 4 |a nástroje manažérstva kvality  |2 slo 
650 4 |a kvalita  |2 slo 
650 4 |a manažérstvo kvality  |2 slo 
650 4 |a quality  |2 eng 
650 4 |a quality management  |2 eng 
650 4 |a quality management tools  |2 eng 
700 1 |a Kučerová, Marta  |u 064000  |k Z1  |4 ths  |U MTF Materiálovotechnologická fakulta  |T MTF Ústav priemyselného inžinierstva a manažmentu  |X 1489  |U M4000  |Y 84  |7 A000001489 
856 4 |u http://is.stuba.sk/zp/portal_zp.pl?podrobnosti=134428 
996 |c M* BP-8535  |l MMSKP  |s P  |a 0  |w stuzp73354_0001